| Tag |
First Indicator |
Second Indicator |
Subfields |
| LEADER |
00000cam a2200000 a 4500 |
| 001 |
in00001192011 |
| 005 |
20151002062611.0 |
| 007 |
hd afv---baca |
| 008 |
890425s1864 xx a f000 0 eng d |
| 035 |
|
|
|a (OCoLC)19596577
|
| 035 |
|
|
|9 AGJ6487AM
|
| 040 |
|
|
|a FEI
|c FEI
|d UtOrBLW
|
| 043 |
|
|
|a n-usu--
|
| 049 |
|
|
|a TXAI
|
| 090 |
|
|
|a E487
|b .C66 1974 reel 5 no. 145
|
| 099 |
|
|
|a Film
|a B 1664
|a reel 5, no. 145
|
| 110 |
1 |
|
|a Confederate States of America.
|b Congress.
|b Senate.
|
| 245 |
1 |
3 |
|a An act to suspend the privilege of the writ of habeas corpus, in certain cases, and for a limited period, throughout the Confederate States.
|
| 264 |
|
1 |
|a [Richmond] :
|b [publisher not identified],
|c [1864]
|
| 300 |
|
|
|a 2 pages ;
|c 24 cm.
|
| 336 |
|
|
|a text
|b txt
|2 rdacontent
|
| 337 |
|
|
|a microform
|b h
|2 rdamedia
|
| 338 |
|
|
|a microfilm reel
|b hd
|2 rdacarrier
|
| 500 |
|
|
|a Caption title.
|
| 500 |
|
|
|a At head of title: (Senate bill number 216--Secret.) Senate, February 4th, 1864.--Read first and second times, considered and postponed to, and made special order for, Saturday next, at one o'clock, and ordered to be printed. (By Mr. Hill, from the Committee on the Judiciary.).
|
| 500 |
|
|
|a Filmed from the holdings of the Library of Congress.
|
| 533 |
|
|
|a Microfilm.
|b New Haven, Conn. :
|c Research Publications,
|d [1974].
|e On reel 5 of 143 microfilm reels ; 35 mm.
|f (Confederate imprints, 1861-1865 ; reel 5, no. 145).
|
| 539 |
|
|
|a s
|b 1974
|d ctu
|e n
|
| 500 |
|
|
|a Microform.
|
| 650 |
|
0 |
|a Habeas corpus
|z Confederate States of America.
|
| 830 |
|
0 |
|a Confederate imprints, 1861-1865 ;
|v reel 5, no. 145.
|
| 999 |
|
|
|a MARS
|
| 999 |
f |
f |
|s 85ac6f20-7693-3eb4-a002-f355eb33df91
|i 4d95fcfe-310b-3c7c-ac38-965ce6511a3f
|t 0
|
| 952 |
f |
f |
|p default
|a Texas A&M University
|b College Station
|c Sterling C. Evans Library
|d Evans: Microforms (3rd floor)
|t 0
|e Film B 1664 reel 5, no. 145
|h Other scheme
|i microform -- microfilm reel
|
| 998 |
f |
f |
|a Film B 1664 reel 5, no. 145
|t 0
|l Evans: Microforms (3rd floor)
|